Introducción a los métodos cuantitativos en Geografía

I tiakina i:
Ngā taipitopito rārangi puna kōrero
Kaituhi matua: Sánchez M., Alfredo (Author)
Hōputu: Pukapuka
Reo:Pāniora
I whakaputaina: Concepción Universidad de Concepción 1995
Ngā marau:
Ngā Tūtohu: Tāpirihia he Tūtohu
Kāore He Tūtohu, Me noho koe te mea tuatahi ki te tūtohu i tēnei pūkete!

MARC

LEADER 00000cam a2200000 a 4500
001 UCF9337
003 CL-VaPUC
008 131111e19950000cl |||||||||||||||||spa|d
082 0 4 |a 910  |b SAN  |2 21 
100 0 |a Sánchez M., Alfredo  |e author  |9 571608 
245 1 0 |a Introducción a los métodos cuantitativos en Geografía 
300 |a 135 p 
942 |c BK 
945 |d 20131111 15:03:00  |a dcastane 
260 |a Concepción  |b Universidad de Concepción  |c 1995 
650 0 |a Geografía  |9 259346 
650 7 |a METODOS CUANTITATIVOS  |2 CL-VaPUC  |9 571609 
583 |a last modification  |c 20131111 15:03:00  |k Rodrigo Vera 
999 |c 353789  |d 353787 
952 |0 0  |1 0  |3 erb  |4 0  |6 910_000000000000000_SAN_1995  |7 0  |8 A  |9 459178  |a BIBING  |b BIBING  |d 2019-11-23  |i 5027128  |l 1  |o 910 SAN 1995  |p 5027128  |r 2025-01-20  |s 2023-10-12  |w 2019-11-23  |y BK  |z Catalogado en:20131111  |k GEO